000 00256nam a2200109Ia 4500
008 220204s9999 xx 000 0 und d
082 _a539.1
_bWIL
100 _aWillmott, J C
245 0 _aAtomic physics
260 _aLondon
_bJohn Wiley
_c1975
942 _cBK
999 _c26711
_d26711